[Event "Tata Steel-B 86th"]
[Site "Wijk aan Zee"]
[Date "2024.01.19"]
[Round "6"]
[White "Beukema, Stefan"]
[Black "Harika, Dronavalli"]
[Result "0-1"]
[WhiteElo "2428"]
[BlackElo "2500"]
[PlyCount "146"]
[EventDate "2024.01.13"]
[EventType "tourn"]
[EventRounds "13"]
[EventCountry "NED"]
[EventCategory "13"]
[SourceTitle "CB05_2024"]
[SourceDate "2024.01.31"]
[SourceVersion "1"]
[SourceVersionDate "2024.01.31"]
[SourceQuality "1"]

1. f4 d5 2. Nf3 g6 3. g3 Bg7 4. Bg2 c5 5. 0-0 Nf6 6. d3 0-0 7. Qe1 Nc6 8. Na3 d4 9. c4 dxc3 10. bxc3 Rb8 11. Rb1 a6 12. Ng5 Nd5 13. Bd2 h6 14. Nf3 b5 15. e4 Nb6 16. Qe3 Na4 17. e5 e6 18. g4 Ne7 19. Nc4 Nd5 20. Qe1 b4 21. cxb4 cxb4 22. f5 exf5 23. gxf5 Bxf5 24. Nd4 Ne7 25. Nxf5 Nxf5 26. Bxb4 Qd4+ 27. Kh1 Nc5 28. Qd2 Rfd8 29. Ba5 Rxb1 30. Rxb1 Qxd3 31. Qxd3 Rxd3 32. Bf1 Rd7 33. Rb8+ Kh7 34. Rc8 Ne6 35. Rc6 Rd1 36. Kg1 Bf8 37. Bb6 Rc1 38. Rc8 Nh4 39. Kf2 Rc2+ 40. Be2 Nf5 41. Nd6 Rb2 42. Nxf5 Rxb6 43. Bc4 gxf5 44. Bxe6 Rxe6 45. Rxf8 Rxe5 46. Rxf7+ Kg6 47. Rc7 Ra5 48. Rc2 Ra3 49. Kg2 Kg5 50. Kf2 h5 51. Kg2 a5 52. Rf2 h4 53. Rc2 a4 54. Kf2 Kg4 55. Kg2 Kf4 56. Rf2+ Ke4 57. Re2+ Kd4 58. Rf2 h3+ 59. Kg1 Ke4 60. Re2+ Kf3 61. Rf2+ Kg4 62. Rc2 Kf3 63. Rf2+ Ke4 64. Re2+ Re3 65. Rb2 a3 66. Rd2 Rd3 67. Re2+ Kf3 68. Rf2+ Kg4 69. Rf1 Rd2 70. Ra1 f4 71. Kh1 Kf3 72. Rf1+ Ke2 73. Rf2+ Ke3 0-1

[Event "Wch Blitz (Women)"]
[Site "Samarkand"]
[Date "2023.12.30"]
[Round "13"]
[White "Harika, Dronavalli"]
[Black "Muzychuk, Anna"]
[Result "1/2-1/2"]
[WhiteElo "2500"]
[BlackElo "2530"]
[PlyCount "55"]
[EventDate "2023.12.29"]
[EventType "swiss (blitz)"]
[EventRounds "17"]
[EventCountry "UZB"]
[SourceTitle "CB01_2024"]
[SourceDate "2024.01.03"]
[SourceVersion "1"]
[SourceVersionDate "2024.01.03"]
[SourceQuality "1"]

1. Nf3 c5 2. g3 Nc6 3. Bg2 g6 4. 0-0 Bg7 5. c3 e5 6. e4 Nge7 7. Na3 0-0 8. Nc4 d6 9. a4 Be6 10. d3 h6 11. Rb1 a6 12. b4 cxb4 13. cxb4 b5 14. axb5 axb5 15. Ne3 d5 16. exd5 Nxd5 17. Nxd5 Bxd5 18. Bb2 Re8 19. Re1 Nxb4 20. Bxe5 Bxe5 21. Nxe5 Bxg2 22. Kxg2 Qd5+ 23. Qf3 Qxf3+ 24. Nxf3 Nxd3 25. Rxe8+ Rxe8 26. Rb3 Ne1+ 27. Nxe1 Rxe1 28. Rxb5 1/2-1/2

[Event "Wch Blitz (Women)"]
[Site "Samarkand"]
[Date "2023.12.30"]
[Round "10"]
[White "Kosteniuk, Alexandra"]
[Black "Harika, Dronavalli"]
[Result "1/2-1/2"]
[WhiteElo "2501"]
[BlackElo "2500"]
[PlyCount "88"]
[EventDate "2023.12.29"]
[EventType "swiss (blitz)"]
[EventRounds "17"]
[EventCountry "UZB"]
[SourceTitle "CB01_2024"]
[SourceDate "2024.01.03"]
[SourceVersion "1"]
[SourceVersionDate "2024.01.03"]
[SourceQuality "1"]

1. e4 e5 2. Nf3 Nf6 3. Nc3 Nc6 4. Bc4 Be7 5. d4 d6 6. h3 0-0 7. 0-0 a6 8. a4 h6 9. dxe5 Nxe5 10. Nxe5 dxe5 11. Qe2 Bc5 12. Be3 Qe7 13. Rfd1 Bxe3 14. Qxe3 Be6 15. Nd5 Bxd5 16. exd5 Ne8 17. Bb3 Nd6 18. c4 Rae8 19. Bc2 e4 20. c5 Nf5 21. Qf4 Qe5 22. Qxe5 Rxe5 23. b4 Rd8 24. Bb3 Ne7 25. d6 cxd6 26. Rxd6 Rxd6 27. cxd6 Nc6 28. Rd1 Kf8 29. Bd5 Ke8 30. b5 axb5 31. axb5 Nd8 32. d7+ Ke7 33. b6 f5 34. Rd4 g5 35. Kf1 e3 36. fxe3 Rxe3 37. Bf3 Re6 38. Rd5 Rxb6 39. Rxf5 Kxd7 40. Bg4 Ke7 41. Re5+ Kf7 42. Rd5 Ne6 43. Rd7+ Kg8 44. Bxe6+ Rxe6 1/2-1/2

[Event "Wch Blitz (Women)"]
[Site "Samarkand"]
[Date "2023.12.30"]
[Round "12"]
[White "Lagno, Kateryna"]
[Black "Harika, Dronavalli"]
[Result "1/2-1/2"]
[WhiteElo "2542"]
[BlackElo "2500"]
[PlyCount "54"]
[EventDate "2023.12.29"]
[EventType "swiss (blitz)"]
[EventRounds "17"]
[EventCountry "UZB"]
[SourceTitle "CB01_2024"]
[SourceDate "2024.01.03"]
[SourceVersion "1"]
[SourceVersionDate "2024.01.03"]
[SourceQuality "1"]

1. e4 e5 2. Nf3 Nf6 3. Nc3 Nc6 4. Bb5 Bc5 5. 0-0 0-0 6. Bxc6 dxc6 7. d3 Nd7 8. Be3 Bd6 9. Nd2 Re8 10. Nc4 Nf8 11. Qh5 Ng6 12. Ne2 Qh4 13. Qxh4 Nxh4 14. a4 Ng6 15. f4 Bg4 16. Nc3 exf4 17. Bd2 Be6 18. b3 Bc5+ 19. Kh1 Bd4 20. Rab1 Bxc3 21. Bxc3 Bxc4 22. bxc4 b6 23. Bd2 Re5 24. Bc3 Re6 25. Bd2 Re5 26. Bc3 Re6 27. Bd2 Re5 1/2-1/2

[Event "Wch Blitz (Women)"]
[Site "Samarkand"]
[Date "2023.12.29"]
[Round "4"]
[White "Buksa, Nataliya"]
[Black "Harika, Dronavalli"]
[Result "0-1"]
[WhiteElo "2388"]
[BlackElo "2500"]
[PlyCount "150"]
[EventDate "2023.12.29"]
[EventType "swiss (blitz)"]
[EventRounds "17"]
[EventCountry "UZB"]
[SourceTitle "CB01_2024"]
[SourceDate "2024.01.03"]
[SourceVersion "1"]
[SourceVersionDate "2024.01.03"]
[SourceQuality "1"]

1. e4 e6 2. d4 d5 3. e5 c5 4. c3 Nc6 5. Nf3 Bd7 6. Be2 Nge7 7. 0-0 Ng6 8. Na3 cxd4 9. cxd4 Be7 10. Nc2 0-0 11. Be3 Rc8 12. Rb1 a6 13. Bd3 Na5 14. b3 Bb5 15. Bxb5 axb5 16. Qd3 Qd7 17. Bd2 Ra8 18. Ra1 Rfc8 19. g3 h6 20. h4 Nc6 21. a4 bxa4 22. Rxa4 Rxa4 23. bxa4 Bd8 24. Rb1 Na5 25. Ne3 Nc4 26. Bb4 Nxe3 27. Qxe3 Qxa4 28. Bd6 Qd7 29. Qb3 b6 30. Kg2 Ne7 31. g4 Rc4 32. Ra1 Rc8 33. Rb1 Ng6 34. Kg3 Ne7 35. Kg2 Nc6 36. Qb5 Qb7 37. Kg3 Qd7 38. Kg2 Nb8 39. Qb3 Qc6 40. Kg3 Nd7 41. g5 h5 42. Ra1 Nf8 43. Bxf8 Kxf8 44. Qb1 g6 45. Ra7 Kg8 46. Qb3 Rc7 47. Ra6 Rc8 48. Ra7 Rc7 49. Ra6 Rd7 50. Qb4 Kg7 51. Kg2 Rb7 52. Ra8 Be7 53. Qb2 b5 54. Ra1 Rc7 55. Rb1 b4 56. Ng1 Qc2 57. Nh3 Qe4+ 58. Kg1 Qxh4 59. Kg2 Qg4+ 60. Kh2 Bxg5 61. Rg1 Bf4+ 62. Nxf4 Qxf4+ 63. Kg2 Rc3 64. Ra1 Qf3+ 65. Kf1 Qh1+ 66. Ke2 Qe4+ 67. Kf1 Rh3 68. f3 Rxf3+ 69. Kg1 Qg4+ 70. Kh1 Rh3+ 71. Qh2 Rxh2+ 72. Kxh2 Qf4+ 73. Kh1 Qe4+ 74. Kh2 Qxd4 75. Rc1 Qf4+ 0-1

[Event "Wch Blitz (Women)"]
[Site "Samarkand"]
[Date "2023.12.29"]
[Round "9"]
[White "Goryachkina, Aleksandra"]
[Black "Harika, Dronavalli"]
[Result "1/2-1/2"]
[WhiteElo "2553"]
[BlackElo "2500"]
[PlyCount "78"]
[EventDate "2023.12.29"]
[EventType "swiss (blitz)"]
[EventRounds "17"]
[EventCountry "UZB"]
[SourceTitle "CB01_2024"]
[SourceDate "2024.01.03"]
[SourceVersion "1"]
[SourceVersionDate "2024.01.03"]
[SourceQuality "1"]

1. e4 e6 2. d4 d5 3. Nd2 c5 4. exd5 exd5 5. Bb5+ Nc6 6. Ngf3 Qe7+ 7. Be2 Qc7 8. 0-0 Nf6 9. dxc5 Bxc5 10. Nb3 Bb6 11. Bg5 Be6 12. Bxf6 gxf6 13. Nfd4 0-0-0 14. a4 Nxd4 15. Nxd4 Qe5 16. c3 Rhg8 17. Kh1 Rg6 18. f4 Qd6 19. Nb5 Qd7 20. a5 Bc5 21. b4 a6 22. bxc5 axb5 23. Rb1 Bg4 24. f5 Bxe2 25. Qxe2 Rg5 26. Qxb5 Qxb5 27. Rxb5 Re8 28. Rfb1 Re2 29. g3 Rxf5 30. Rxb7 Rff2 31. Rb8+ Kc7 32. R8b7+ Kc8 33. Rb8+ Kc7 34. R1b7+ Kc6 35. Rb6+ Kc7 36. R8b7+ Kc8 37. Rb8+ Kc7 38. R8b7+ Kc8 39. Rb8+ Kc7 1/2-1/2

[Event "Wch Blitz (Women)"]
[Site "Samarkand"]
[Date "2023.12.29"]
[Round "8"]
[White "Harika, Dronavalli"]
[Black "Gunina, Valentina"]
[Result "1/2-1/2"]
[WhiteElo "2500"]
[BlackElo "2437"]
[PlyCount "47"]
[EventDate "2023.12.29"]
[EventType "swiss (blitz)"]
[EventRounds "17"]
[EventCountry "UZB"]
[SourceTitle "CB01_2024"]
[SourceDate "2024.01.03"]
[SourceVersion "1"]
[SourceVersionDate "2024.01.03"]
[SourceQuality "1"]

1. Nf3 d5 2. c4 c6 3. e3 Bg4 4. h3 Bxf3 5. Qxf3 Nf6 6. Qd1 e6 7. d4 Bb4+ 8. Bd2 Bxd2+ 9. Nxd2 0-0 10. Bd3 Nbd7 11. 0-0 Qe7 12. Qb3 Rab8 13. Rfe1 Rfd8 14. Rad1 a6 15. e4 dxe4 16. Nxe4 Nxe4 17. Bxe4 Nf6 18. Bf3 Qc7 19. d5 exd5 20. cxd5 cxd5 21. Bxd5 Nxd5 22. Rxd5 Rxd5 23. Qxd5 Rd8 24. Qe4 1/2-1/2

[Event "Wch Blitz (Women)"]
[Site "Samarkand"]
[Date "2023.12.29"]
[Round "3"]
[White "Harika, Dronavalli"]
[Black "Savitha Shri, B."]
[Result "1-0"]
[WhiteElo "2500"]
[BlackElo "2358"]
[PlyCount "115"]
[EventDate "2023.12.29"]
[EventType "swiss (blitz)"]
[EventRounds "17"]
[EventCountry "UZB"]
[SourceTitle "CB01_2024"]
[SourceDate "2024.01.03"]
[SourceVersion "1"]
[SourceVersionDate "2024.01.03"]
[SourceQuality "1"]

1. Nf3 d5 2. c4 d4 3. g3 c5 4. Bg2 Nc6 5. 0-0 e5 6. d3 Nf6 7. e3 Bd6 8. exd4 cxd4 9. Bg5 0-0 10. Nbd2 Bf5 11. Ne1 h6 12. Bxf6 Qxf6 13. a3 a5 14. Ne4 Qe7 15. Rb1 Kh8 16. Nc2 Bxe4 17. Bxe4 f5 18. Bd5 f4 19. Qg4 Qf6 20. Be4 Nd8 21. b4 axb4 22. Nxb4 Rxa3 23. Nd5 Qe6 24. Qh5 Qf7 25. Bg6 Qe6 26. Rb6 Ra6 27. Rfb1 fxg3 28. hxg3 Qd7 29. Be4 Bc5 30. Rxa6 bxa6 31. Qg6 Kg8 32. Qh7+ Kf7 33. Rf1 Ke6 34. f4 Kd6 35. Qg6+ Ne6 36. f5 a5 37. Rb1 a4 38. fxe6 Qxe6 39. Qxe6+ Kxe6 40. Rb5 Rc8 41. Ra5 a3 42. Ra6+ Kf7 43. Kg2 Rb8 44. Ra5 Rb2+ 45. Kh3 a2 46. Kg4 Rh2 47. Ra6 h5+ 48. Kf3 g5 49. Bg6+ Kf8 50. Ke4 Re2+ 51. Kf5 h4 52. gxh4 gxh4 53. Nf6 Rf2+ 54. Ke6 Kg7 55. Ne4 Rg2 56. Bf5 Bf8 57. Ra7+ Kg8 58. Nf6+ 1-0

[Event "Wch Blitz (Women)"]
[Site "Samarkand"]
[Date "2023.12.29"]
[Round "1"]
[White "Harika, Dronavalli"]
[Black "Strutinskaya, Galina N"]
[Result "1-0"]
[WhiteElo "2500"]
[BlackElo "2178"]
[PlyCount "47"]
[EventDate "2023.12.29"]
[EventType "swiss (blitz)"]
[EventRounds "17"]
[EventCountry "UZB"]
[SourceTitle "CB01_2024"]
[SourceDate "2024.01.03"]
[SourceVersion "1"]
[SourceVersionDate "2024.01.03"]
[SourceQuality "1"]

1. Nf3 e6 2. g3 b5 3. Bg2 Bb7 4. 0-0 Nf6 5. d3 Be7 6. e4 d5 7. e5 Nfd7 8. Re1 c5 9. Nbd2 Nc6 10. Qe2 Nd4 11. Nxd4 cxd4 12. Nb3 Qb6 13. a4 a6 14. Qg4 Kf8 15. axb5 axb5 16. Rxa8+ Bxa8 17. Qxd4 h5 18. Qxb6 Nxb6 19. Nd4 b4 20. Be3 Ke8 21. Ra1 Bb7 22. Ra7 Bc8 23. Nc6 Nd7 24. Ra8 1-0

[Event "Wch Blitz (Women)"]
[Site "Samarkand"]
[Date "2023.12.29"]
[Round "6"]
[White "Kamalidenova, Meruert"]
[Black "Harika, Dronavalli"]
[Result "0-1"]
[WhiteElo "2383"]
[BlackElo "2500"]
[PlyCount "66"]
[EventDate "2023.12.29"]
[EventType "swiss (blitz)"]
[EventRounds "17"]
[EventCountry "UZB"]
[SourceTitle "CB01_2024"]
[SourceDate "2024.01.03"]
[SourceVersion "1"]
[SourceVersionDate "2024.01.03"]
[SourceQuality "1"]

1. e4 e6 2. d4 d5 3. Nc3 Bb4 4. e5 c5 5. a3 Bxc3+ 6. bxc3 Nc6 7. h4 Qc7 8. h5 f6 9. exf6 Nxf6 10. h6 g6 11. Nf3 Bd7 12. Bb5 Ne4 13. Bxc6 Bxc6 14. Ne5 Rf8 15. Qg4 Rf5 16. f3 Nxc3 17. Bg5 cxd4 18. Nxg6 hxg6 19. h7 Qe5+ 20. Kf2 Kd7 21. Rae1 Ne4+ 22. Rxe4 dxe4 23. f4 Qg7 24. Qh4 d3 25. cxd3 Qb2+ 26. Kg3 e3 27. Rh2 Qf2+ 28. Kh3 Qxh4+ 29. Kxh4 Rh8 30. Kg3 Rf7 31. Rh6 Rhxh7 32. Rxg6 Rh1 33. Rg8 e2 0-1

[Event "Wch Rapid (Women)"]
[Site "Samarkand"]
[Date "2023.12.28"]
[Round "9"]
[White "Hejazipour, Mitra"]
[Black "Harika, Dronavalli"]
[Result "1/2-1/2"]
[WhiteElo "2356"]
[BlackElo "2500"]
[PlyCount "124"]
[EventDate "2023.12.26"]
[EventType "swiss (rapid)"]
[EventRounds "11"]
[EventCountry "UZB"]
[SourceTitle "CB01_2024"]
[SourceDate "2024.01.03"]
[SourceVersion "1"]
[SourceVersionDate "2024.01.03"]
[SourceQuality "1"]

1. Nf3 Nf6 2. c4 g6 3. Nc3 Bg7 4. g3 0-0 5. Bg2 d6 6. d4 Nbd7 7. 0-0 e5 8. e4 exd4 9. Nxd4 Nc5 10. f3 Re8 11. Be3 Nfd7 12. Qd2 Ne5 13. b3 Bd7 14. Rad1 a5 15. Ncb5 a4 16. Qc2 axb3 17. axb3 Nc6 18. Nxc6 bxc6 19. Nd4 Qb8 20. Rb1 Qb4 21. Rfd1 f5 22. Bh3 fxe4 23. Bxd7 Nxd7 24. fxe4 Ne5 25. Qe2 c5 26. Nb5 Qa5 27. Rf1 Qb6 28. Qd2 Kh8 29. Bh6 Qc6 30. Bxg7+ Kxg7 31. Rf4 Qxe4 32. Rbf1 Qc6 33. Qf2 Kg8 34. Qd2 Rf8 35. Qd5+ Qxd5 36. cxd5 Rxf4 37. gxf4 Ng4 38. Nxc7 Ra2 39. Re1 Nxh2 40. Re6 Nf3+ 41. Kf1 Nd2+ 42. Ke1 Nxb3 43. Rxd6 Nd4 44. Rd8+ Kf7 45. d6 Nc6 46. Rc8 Ra1+ 47. Kd2 Ra4 48. Nb5 Rb4 49. Rxc6 Rxb5 50. Kd3 Ke6 51. Kc4 Rb4+ 52. Kxc5 Rxf4 53. Rc7 Rf8 54. Re7+ Kf6 55. Rxh7 g5 56. Kc6 g4 57. Rh1 Kg5 58. d7 g3 59. Kc7 Kg4 60. Re1 g2 61. d8Q Rxd8 62. Kxd8 Kf3 1/2-1/2